000 00456 a2200193 4500
001 136645
020 _a9788537101711
040 _cLeonardo Da Vinci
041 _aPortuguês
082 _a657 G613c
_bG613c
100 _aGOMES, Carlos Roberto
245 _aContabilidade básica
250 _a3. ed
260 _bViena
_c2008
_aRio Pardo, SP
362 _a20080000
490 _aColeção Premium
697 _aContabilidade
_aFIPEN
942 _cBK
999 _c136645
_d136645